Responses for Show #8555 - Friday, January 14, 2022

Amy Schneider game 33.

Contestants

[<< previous game]

Rachel Ostrow, a full-time parent from Arlington, Massachusetts

Luis Soto, a financial analyst from San Gabriel, California

Amy Schneider, an engineering manager from Oakland, California (whose 32-day cash winnings total $1,101,600)

[next game >>]

Jeopardy! Round responses

FEAR
WHAT DID YOU LOSE?
MISS, MR. OR MRS. SONG
WORDS & PHRASES
HOLLAND
OATS
    $200 26
(Luis: Who are Protestants?)
(Ken: No.)
(Luis: Or Angli--what are Anglicans?)

Catholics

AmyLuis
    $200 20
(Luis: What is your cool?)

your temper

LuisRachel
    $200 1
Miss Molly

Amy
    $200 25
(Rachel: What's the lowest common [*]?)

denominator

Rachel
    $200 4
the North Sea

Amy
    $200 13
porridge

Luis
    $400 27
the shepherds

Amy
    $400 22
a yo-yo

Amy
    $400 2
"Miss Independent"

Rachel
    $400 24
anime

Rachel
    $400 6
tulips (flowers)

Rachel
    $400 14
Quaker Oats

Amy
    $600 28
(Luis: What is...)

terror

Luis
Triple Stumper
    $600 21
(Ken: Yeah, after Katrina.)

Louisiana

Rachel
    $600 5
"Mr. Roboto"

Luis
    $2,000 23
par for the course

Amy
    $600 10
Orange

Amy
    $600 15
groats

Rachel
    $800 29
torture

Luis
    $800 16
a race track

Amy
    $800 3
Mrs. Jones

Luis
    $800 7
placebo

Amy
    $800 11
(Luis: What is Rotterdam?)

The Hague

AmyLuis
    $800 18
(Amy: What is granola?)
(Rachel: What is Kashi?)

muesli

AmyRachel
Triple Stumper
    $1000 30
panic attacks

Amy
    $1000 17
losing face

Amy
    $1000 8
"Mr. Blue Sky"

Rachel
    $1000 9
the writing is on the wall

Amy
    $1000 12
(Luis: Who is Marguerite?)

Queen Beatrix

Luis
Triple Stumper
    $1000 19
a bushel

Luis

Scores at the first commercial break (after clue 15):

Amy Luis Rachel
$4,000 -$200 $2,400

Scores at the end of the Jeopardy! Round:

Amy Luis Rachel
$9,000 $600 $3,000

Double Jeopardy! Round responses

WORLD HISTORY
CHARACTER TEST
INTERNATIONAL ORGS.
CENTENARIANS
BOBBING FOR ACTORS
FROM "C" TO "Y"
    $400 1
tanks

Amy
    $400 22
exhale

Amy
    $400 11
Postal

Amy
    $400 17
the Green Berets

Amy
    $400 6
Pattinson

Amy
    $400 12
Chardonnay

Luis
    $800 2
(Matthew) Perry

Amy
    $800 23
Starbuck

Amy
    $800 13
the Red Cross

Amy
    $800 27
LSD

Luis
    $800 7
(Ken: [*] in Apocalypse Now, very good.)

(Robert) Duvall

Luis
    $800 18
a caraway seed

Rachel
    $4,000 3
the Thirty Years' War

Amy
    $1200 24
(Ken: Yes, from Crime and Punishment.)

Raskolnikov

Rachel
    $6,000 14
Renewable

Amy
    $1200 28
Beverly Cleary

Amy
    $1200 8
Robert Englund

Triple Stumper
    $1200 19
Chatty Cathy

Rachel
    $1600 4
(Luis: What is Novgorod?)

Kiev

AmyLuis
    $1600 25
(Ken: Amy got there too late, I think.)

Sydney Carton

Triple Stumper
    $1600 15
the Nordic Council

Luis
    $1600 29
Chase Manhattan

Triple Stumper
    $1600 9
(Luis: Who is Robert... [Exhales deeply] )
...
(Ken: It may have come to Luis too late, [*].)
(Luis: [In sync with Ken saying it] [*].)

Robert Redford

Luis
Triple Stumper
    $1600 20
chambray

Rachel
    $2000 5
the Indus River

Amy
    $2000 26
(Rachel: Who are... what is...)
(Ken: Sorry, too much time.)
(Rachel: [*].)
...
(Ken: [To Rachel] You just took a little too long.)

Midnight's Children

Rachel
Triple Stumper
    $2000 16
Non-Aligned

Luis
    $2000 30
Kansas

Amy
    $2000 10
Robert Hays

Triple Stumper
    $2000 21
(Rachel: What... is... carolology? Carology?)
[Ken and Rachel chuckle.]

campanology

Rachel
Triple Stumper

Scores at the end of the Double Jeopardy! Round:

Amy Luis Rachel
$30,200 $3,000 $3,800
(lock game)

[wagering suggestions for these scores]

Final Jeopardy! Round responses

CEMETERIES & MEMORIALS
(Ken: [To Amy] No, this is Punchbowl Crater in Honolulu, [*]--the war dead from World War II.)
LuisWhat is Wyoming?
$2,000
RachelWhat is Oregon?
$2,201
AmyWhat is California?
$20,000
Hawaii

Final scores:

Amy Luis Rachel
$10,200 $1,000 $1,599
33-day champion: $1,111,800 3rd place: $1,000 2nd place: $2,000

Game dynamics:

Coryat scores:

Amy Luis Rachel
$21,200 $3,000 $3,800
28 R
(including 3 DDs),
1 W
10 R,
7 W
12 R,
3 W

Combined Coryat: $28,000

[game clues] [game scores] [suggest correction]

Game tape date: 2021-11-02
The J! Archive is created by fans, for fans. Scraping, republication, monetization, and malicious use prohibited; this site may use cookies and collect identifying information. See terms. The Jeopardy! game show and all elements thereof, including but not limited to copyright and trademark thereto, are the property of Jeopardy Productions, Inc. and are protected under law. This website is not affiliated with, sponsored by, or operated by Jeopardy Productions, Inc. Join the discussion at JBoard.tv.